LEADER 01406nam a2200289 i 4500 001 000000134537 003 CaOOAMICUS 005 20211115122001.0 008 170210s2016 it u000 u ita u 013 $a107708 020 $a978-88-99781-03-3 040 $aSeMil$bita 100 1 $aScala, Ferdinando.$0(OLS)http://semarc/name/92425 245 10$aCimiano, Feltre Rombon e Lambrate :$bun territorio di santi, imprenditori ed eroi /$cFerdinando Scala ; presentazione di Luigi Andreoli, presidente dell'Associazione amici di dai nostri quartieri. 264 1$aTorino :$bGraphot,$c2016. 300 $a318 p. :$bill. ;$c24 cm. 650 4$aMilano - Rioni e quartieri - Feltre.$0(OLS)http://semarc/subject/51223 650 4$aMilano - Rioni e quartieri - Lambrate.$0(OLS)http://semarc/subject/11303 650 4$aMilano - Rioni e quartieri - Cimiano.$0(OLS)http://semarc/subject/51222 700 1 $aAndreoli, Luigi.$0(OLS)http://semarc/name/93380 850 $aSeMil 852 $aSeMil$W1$xVenegono$y1$m3O III 61$j88269$B88269$CSeMilBibl$Z2$F92568 $81 961 $aOmaggio: Delpini mons. Mario 996 $6020$a978-88-99781-03-3$9(OLS)http://semarc/number/273836 996 $6245$aCimiano, Feltre Rombon e Lambrate :$bun territorio di santi, imprenditori ed eroi$9(OLS)http://semarc/title/408364 996 $6264$aTorino :$bGraphot$9(OLS)http://semarc/publisher/56849 LEADER 00733nam a2200157 i 4500 001 000000055579 003 CaOOAMICUS 005 19970707000000.0 008 970707n it u000 u ita u 013 $a26751 040 $aSeMil$bita 100 1 $aPinkus, Lucio Maria.$0(OLS)http://semarc/name/2836 245 13$aIl rito cristiano della trasformazione. Roma :$b[s.n.], 1971. ((Estratto del saggio di ricerca teologica sulla psicologia di C. G. Jung. 850 $aSeMil 852 $aSeMil$W1$xVenegono$y1$m2I III 12$j21733$B21733$CSeMilBibl$Z2$F21735 $81 996 $6245$aIl rito cristiano della trasformazione. Roma :$b[s.n.], 1971. ((Estratto del saggio di ricerca teologica sulla psicologia di C. G. Jung.$9(OLS)http://semarc/title/86226